[Event "29. Offene Senioren-LEM Sachsen-Anhalt 2021 65+"]
[Site "Magdeburg"]
[Date "2021.07.07"]
[Round "3.16"]
[White "Kirmas, Joachim"]
[Black "Wolf, Burghard"]
[Result "1-0"]
[WhiteElo "1942"]
[BlackElo "1793"]
[PlyCount "185"]
[EventDate "2021.??.??"]
[WhiteTeam "USV Halle"]
[BlackTeam "SC Norbertus Magdeburg"]

1. e4 c5 2. d4 cxd4 3. c3 dxc3 4. Nxc3 Nc6 5. Nf3 g6 6. Bc4 Bg7 7. e5 Qc7 8.
Nb5 Qd8 9. Qd5 e6 10. Qd6 Nge7 11. Nc7+ Kf8 12. Nxa8 Nxe5 13. Nxe5 Qa5+ 14. Bd2
Qxe5+ 15. Qxe5 Bxe5 16. Bc3 Bxc3+ 17. bxc3 b6 18. Nc7 Bb7 19. O-O Kg7 20. Nb5
Rc8 21. Nd6 Rc5 22. Be2 Bc6 23. c4 Nf5 24. Nxf5+ Rxf5 25. Rfd1 Rg5 26. f3 Kf6
27. Kf2 Ke7 28. Bd3 Rc5 29. Rac1 Ra5 30. Rd2 f5 31. h4 Rc5 32. Re1 Kf6 33. g4
f4 34. Be4 Ba4 35. Bd3 Bc6 36. Be2 h6 37. Rd4 g5 38. Rh1 d5 39. hxg5+ hxg5 40.
Rh6+ Kf7 41. cxd5 Bxd5 42. Rh7+ Kf6 43. Rxa7 Rc2 44. Ke1 Bxa2 45. Rb7 Rb2 46.
Rd6 Rb1+ 47. Kf2 Rc1 48. Rd2 Bd5 49. Rxb6 Ke5 50. Bd3 Rh1 51. Be4 Rh2+ 52. Ke1
Rh1+ 53. Ke2 Bc4+ 54. Bd3 Bd5 55. Rb5 Kf6 56. Rb6 Rh2+ 57. Kd1 Bxf3+ 58. Be2
Rh1+ 59. Kc2 Be4+ 60. Kc3 Rc1+ 61. Kd4 Bd5 62. Rd1 Rc2 63. Bd3 Rg2 64. Rh1 Rxg4
65. Rh6+ Kf7 66. Ke5 Rh4 67. Rxh4 gxh4 68. Kxf4 h3 69. Kg3 Kf6 70. Kxh3 Ke5 71.
Rb4 Kd6 72. Kg3 Kc5 73. Rh4 Kd6 74. Kf2 Ke5 75. Ke3 Kd6 76. Bc4 Bc6 77. Rh6 Bd7
78. Kd4 Bc8 79. Bb5 Bb7 80. Rh7 e5+ 81. Ke3 Bc8 82. Bd3 Bd7 83. Be4 Bb5 84.
Rh6+ Ke7 85. Bd5 Bd7 86. Ke4 Ba4 87. Kxe5 Bc2 88. Be4 Bb3 89. Rh7+ Kf8 90. Bd5
Bc2 91. Rc7 Ba4 92. Kf6 Be8 93. Bc6 1-0

[Event "29. Offene Senioren-LEM Sachsen-Anhalt 2021 65+"]
[Site "Magdeburg"]
[Date "2021.07.07"]
[Round "3.17"]
[White "Bondick, Karl-Heinz"]
[Black "Stummeyer, Dieter"]
[Result "1/2-1/2"]
[WhiteElo "1916"]
[BlackElo "1771"]
[PlyCount "91"]
[EventDate "2021.??.??"]
[WhiteTeam "USC Magdeburg"]
[BlackTeam "SG Garbsen/Marienwerder"]

1. d4 Nf6 2. f3 d5 3. e4 dxe4 4. Nc3 exf3 5. Nxf3 e6 6. Bg5 Be7 7. Bd3 Nc6 8.
Qd2 h6 9. Be3 O-O 10. Ne5 Nxe5 11. dxe5 Ng4 12. Bf4 Bc5 13. Ne4 Bd4 14. O-O-O
Bxe5 15. h3 Bxf4 16. Qxf4 Nf6 17. Nf2 Nd5 18. Qf3 Qf6 19. Be4 Qxf3 20. Bxf3 c6
21. g4 f5 22. Nd3 fxg4 23. Bxg4 Ne3 24. Rdg1 Nxg4 25. hxg4 b6 26. g5 hxg5 27.
Rxg5 Rf5 28. Rg3 Ba6 29. Rhg1 g5 30. Rxg5+ Rxg5 31. Rxg5+ Kf7 32. Ne5+ Kf6 33.
Rh5 Be2 34. Nd7+ Ke7 35. Rh7+ Kd6 36. Nf6 Ke5 37. Kd2 Bf3 38. Ke3 Bd5 39. Nxd5
cxd5 40. c3 Kd6 41. Kd3 a5 42. Rb7 Ra6 43. b3 e5 44. a4 Kc6 45. Re7 e4+ 46. Kd4
1/2-1/2

[Event "29. Offene Senioren-LEM Sachsen-Anhalt 2021 65+"]
[Site "Magdeburg"]
[Date "2021.07.07"]
[Round "3.18"]
[White "Jürgens, Peter"]
[Black "Schwarz, Hans"]
[Result "1/2-1/2"]
[WhiteElo "1794"]
[BlackElo "1915"]
[PlyCount "47"]
[EventDate "2021.??.??"]
[WhiteTeam "SC Tempo Göttingen"]
[BlackTeam "SV Rochade Magdeburg 96"]

1. d4 e6 2. Nf3 f5 3. Bf4 Nf6 4. e3 Be7 5. h3 b6 6. Be2 Bb7 7. O-O O-O 8. c4 d6
9. Nc3 Ne4 10. Nxe4 Bxe4 11. Nd2 Bb7 12. Bf3 c6 13. Qc2 d5 14. Be2 Nd7 15. Nf3
Rc8 16. Rac1 Bf6 17. cxd5 cxd5 18. Qd2 Qe7 19. Rxc8 Rxc8 20. Rc1 Qd8 21. Rc3 h6
22. Bb5 a6 23. Bxd7 Qxd7 24. Qc1 1/2-1/2

[Event "29. Offene Senioren-LEM Sachsen-Anhalt 2021 65+"]
[Site "Magdeburg"]
[Date "2021.07.07"]
[Round "3.19"]
[White "Klimpel, Siegfried"]
[Black "Wolke, Reimund"]
[Result "1/2-1/2"]
[WhiteElo "1764"]
[BlackElo "1891"]
[PlyCount "60"]
[EventDate "2021.??.??"]
[WhiteTeam "TSV Kareth-Lappersdorf"]
[BlackTeam "Hamburger SK von 1830"]

1. e4 c5 2. Nf3 e6 3. d4 cxd4 4. Nxd4 Nf6 5. Nc3 d6 6. Bc4 a6 7. O-O Qc7 8. Bb3
Be7 9. Re1 O-O 10. Bg5 Bd7 11. Nf3 Nc6 12. Qe2 Rac8 13. e5 dxe5 14. Ne4 Nd5 15.
Bxe7 Ndxe7 16. c3 Ng6 17. g3 Rcd8 18. h4 Na5 19. Bc2 Bb5 20. Qe3 Nc4 21. Qc1 h6
22. h5 Ne7 23. Nf6+ Kh8 24. b3 Bc6 25. Nh2 Nd6 26. Nh7 Rg8 27. Nf6 Rgf8 28. Nh7
Rfe8 29. Nf6 Rf8 30. Nh7 Rfe8 1/2-1/2

[Event "29. Offene Senioren-LEM Sachsen-Anhalt 2021 65+"]
[Site "Magdeburg"]
[Date "2021.07.07"]
[Round "3.20"]
[White "Dinse, Michael"]
[Black "Senebald, Roland"]
[Result "1/2-1/2"]
[WhiteElo "1698"]
[BlackElo "1874"]
[PlyCount "55"]
[EventDate "2021.??.??"]
[WhiteTeam "Schachclub Turm-Reinfeld"]
[BlackTeam "PostTurnSportVerein Halle"]

1. d4 Nf6 2. Nf3 g6 3. g3 Bg7 4. Bg2 O-O 5. O-O d5 6. Nbd2 c6 7. h3 Nbd7 8. c4
Re8 9. Re1 e5 10. dxe5 Nxe5 11. Nxe5 Rxe5 12. cxd5 Nxd5 13. Nc4 Re8 14. Qb3 Qe7
15. Bxd5 cxd5 16. Ne3 Be6 17. Qd1 d4 18. Ng4 h5 19. Nh2 Bxh3 20. Nf3 Qe4 21.
Kh2 Bf5 22. Bf4 Rac8 23. Rc1 Rxc1 24. Bxc1 Qc2 25. Nxd4 Qxd1 26. Rxd1 Bxd4 27.
Rxd4 Rxe2 28. Be3 1/2-1/2

[Event "29. Offene Senioren-LEM Sachsen-Anhalt 2021 65+"]
[Site "Magdeburg"]
[Date "2021.07.07"]
[Round "3.21"]
[White "Jeute, Peter"]
[Black "Eberhardt, Michael"]
[Result "1-0"]
[WhiteElo "1850"]
[BlackElo "1721"]
[PlyCount "131"]
[EventDate "2021.??.??"]
[WhiteTeam "SV Bannewitz"]
[BlackTeam "SC Agon Neumünster"]

1. d4 Nf6 2. Nf3 g6 3. e3 Bg7 4. Be2 O-O 5. O-O d6 6. c4 Nbd7 7. Nc3 e5 8. Qc2
Re8 9. b3 b6 10. Bb2 Bb7 11. Rad1 Rc8 12. d5 Qe7 13. e4 a5 14. a3 c6 15. Qb1
cxd5 16. cxd5 Ra8 17. Rfe1 Nc5 18. Nd2 Ba6 19. b4 Bxe2 20. Rxe2 axb4 21. axb4
Na4 22. Rc1 Nxb2 23. Qxb2 Bh6 24. Rc2 Qd7 25. Nc4 Reb8 26. h3 Bf8 27. Re1 Qa7
28. Qb3 Qd7 29. f3 Nh5 30. b5 Nf4 31. Rd1 Be7 32. Ne2 Nh5 33. Rb1 Ng7 34. Qe3
Qd8 35. Qd3 f5 36. Nd2 Rc8 37. Rc6 Rxc6 38. bxc6 fxe4 39. fxe4 Ne8 40. Nc4 Rb8
41. Nc3 Nc7 42. Rxb6 Rxb6 43. Nxb6 Bh4 44. Nd7 Qg5 45. Ne2 Qd8 46. Qf3 Kg7 47.
Qg4 Ne8 48. Qe6 Qe7 49. Qg4 Bg5 50. Ng3 Kh6 51. Qf3 Bf4 52. Ne2 Qh4 53. Nxf4
Qxf4 54. Qxf4+ exf4 55. Nf8 g5 56. Ne6 Kg6 57. c7 Nxc7 58. Nxc7 Kf6 59. Kf2 h5
60. Kf3 Ke5 61. Ne8 g4+ 62. hxg4 hxg4+ 63. Kxg4 Kxe4 64. Nxd6+ Kxd5 65. Nb5 Ke4
66. Nc3+ 1-0

[Event "29. Offene Senioren-LEM Sachsen-Anhalt 2021 65+"]
[Site "Magdeburg"]
[Date "2021.07.07"]
[Round "3.22"]
[White "Hansch, Klaus-Michael"]
[Black "Watermann, Bernd"]
[Result "1-0"]
[WhiteElo "1839"]
[BlackElo "1658"]
[PlyCount "83"]
[EventDate "2021.??.??"]
[WhiteTeam "SC Weisse Dame e.V."]
[BlackTeam "Sf Barsinghausen"]

1. d4 d5 2. Nc3 f5 3. Bf4 c6 4. e3 e6 5. Nf3 Nf6 6. Be2 Bd6 7. Ne5 O-O 8. O-O
Bd7 9. Nxd7 Qxd7 10. Bxd6 Qxd6 11. f4 Nbd7 12. Nb1 Ne4 13. Nd2 Ndf6 14. Nxe4
Nxe4 15. Bd3 Rf6 16. Bxe4 fxe4 17. Qe2 Raf8 18. a3 Rh6 19. Rf2 g5 20. Qg4 Rff6
21. g3 Rhg6 22. fxg5 Rxf2 23. Kxf2 c5 24. c3 cxd4 25. cxd4 Qb6 26. b4 Qc6 27.
Qf4 Qc8 28. Kg1 Qf8 29. Rc1 Rg7 30. Qxf8+ Kxf8 31. Rc8+ Kf7 32. Rc7+ Kg6 33.
Rxg7+ Kxg7 34. g4 Kf7 35. Kf2 e5 36. dxe5 Ke6 37. h4 Kxe5 38. h5 Ke6 39. a4 b6
40. b5 Kd6 41. g6 hxg6 42. h6 1-0

[Event "29. Offene Senioren-LEM Sachsen-Anhalt 2021 65+"]
[Site "Magdeburg"]
[Date "2021.07.07"]
[Round "3.23"]
[White "Mohs, Rolf"]
[Black "Just, Gabriele"]
[Result "1/2-1/2"]
[WhiteElo "1693"]
[BlackElo "1837"]
[PlyCount "32"]
[EventDate "2021.??.??"]
[WhiteTeam "SV Aufbau Bernburg"]
[BlackTeam "Schachgemeinschaft Leipzig"]

1. d4 e6 2. c4 f5 3. Nc3 Bb4 4. Nf3 Nf6 5. Bg5 Bxc3+ 6. bxc3 d6 7. e3 O-O 8.
Bd3 Qe8 9. Bxf6 Rxf6 10. e4 e5 11. d5 f4 12. Nd2 Nd7 13. f3 a5 14. Bc2 Qg6 15.
Qe2 Nc5 16. Nb3 Nd7 1/2-1/2

[Event "29. Offene Senioren-LEM Sachsen-Anhalt 2021 65+"]
[Site "Magdeburg"]
[Date "2021.07.07"]
[Round "3.24"]
[White "Farel, Edgard"]
[Black "Funke, Arnold"]
[Result "1-0"]
[WhiteElo "1601"]
[BlackElo "1924"]
[PlyCount "107"]
[EventDate "2021.??.??"]
[WhiteTeam "Schachgemeinschaft Enger-Spenge"]
[BlackTeam "SV Aufbau Bernburg"]

1. e4 e6 2. d4 d5 3. Nc3 Bb4 4. e5 Qd7 5. a3 Bxc3+ 6. bxc3 b6 7. a4 Nc6 8. Bd3
Bb7 9. Nf3 h6 10. Be3 a6 11. Qb1 Na5 12. Qb4 Ne7 13. Nd2 g6 14. f3 Nf5 15. Bf2
h5 16. Nb3 Nc6 17. Qa3 a5 18. Qb2 Ba6 19. Qc1 Nce7 20. Qd2 Bc4 21. Qe2 Bxd3 22.
Qxd3 O-O 23. O-O Qc6 24. Nd2 Kg7 25. g4 hxg4 26. fxg4 Nh6 27. Bh4 Neg8 28. Qf3
Qd7 29. Bf6+ Nxf6 30. exf6+ Kh7 31. Qh3 Rh8 32. g5 Kg8 33. gxh6 Qd8 34. Qh4 Qf8
35. Rf2 Rxh6 36. Qg3 Qd6 37. Nf3 Qxg3+ 38. hxg3 g5 39. Ne5 c5 40. Rb1 cxd4 41.
cxd4 Rc8 42. Rxb6 Rc3 43. Rb8+ Kh7 44. Rb3 Rc7 45. Kg2 Kg8 46. Nd3 Rh8 47. Nc5
Kh7 48. Kf3 Kg6 49. Kg4 Rh1 50. Nd3 Ra1 51. Nc5 e5 52. Nd3 Rh1 53. Nxe5+ Kh7
54. Kxg5 1-0

[Event "29. Offene Senioren-LEM Sachsen-Anhalt 2021 65+"]
[Site "Magdeburg"]
[Date "2021.07.07"]
[Round "3.25"]
[White "Gehrmann, Rudolf-Rainer"]
[Black "Langner, Hans-Rainer"]
[Result "1-0"]
[WhiteElo "2012"]
[BlackElo "1624"]
[PlyCount "87"]
[EventDate "2021.??.??"]
[WhiteTeam "SV Eutin von 1875"]
[BlackTeam "Tempelhofer SV Mariendorf 1897"]

1. c4 c5 2. g3 d5 3. cxd5 Qxd5 4. Nf3 Nc6 5. Bg2 Qd8 6. O-O Nf6 7. b3 e5 8. Nc3
Be7 9. Bb2 O-O 10. Rc1 Rb8 11. Na4 e4 12. Ng5 Qd5 13. Bxf6 Bxf6 14. Nxe4 Qd8
15. Nxf6+ Qxf6 16. Nxc5 Nb4 17. a3 Na6 18. b4 b6 19. Nxa6 Bxa6 20. Re1 Rfd8 21.
d3 Bc8 22. b5 h5 23. Qa4 Qe7 24. Qf4 Be6 25. a4 a5 26. bxa6 Qa7 27. Bb7 Rxb7
28. axb7 Qxb7 29. Qc7 Qd5 30. Qxb6 Bh3 31. f3 Rd6 32. Qc5 Qe6 33. Rb1 g6 34. a5
h4 35. Rb6 Rxb6 36. axb6 Bf5 37. b7 Qe8 38. Ra1 Qb8 39. Ra8 hxg3 40. Rxb8+ Kh7
41. Qe5 gxh2+ 42. Qxh2+ Bh3 43. Qxh3+ Kg7 44. Qh8# 1-0

[Event "29. Offene Senioren-LEM Sachsen-Anhalt 2021 65+"]
[Site "Magdeburg"]
[Date "2021.07.07"]
[Round "3.26"]
[White "Micheel, Peter"]
[Black "Rosmann, Armin"]
[Result "1/2-1/2"]
[WhiteElo "1831"]
[BlackElo "1591"]
[PlyCount "36"]
[EventDate "2021.??.??"]
[WhiteTeam "SSC Graal-Müritz"]
[BlackTeam "TSV Kirchehrenbach"]

1. e4 c5 2. Nf3 e6 3. d4 cxd4 4. Nxd4 Nf6 5. Bd3 Bc5 6. Nb3 Nc6 7. c3 Be7 8.
O-O d5 9. exd5 exd5 10. Bf4 O-O 11. Be2 Bf5 12. Nd4 Bg6 13. a4 a5 14. Na3 Nxd4
15. Qxd4 Ne4 16. Rad1 Bc5 17. Qxd5 Qxd5 18. Rxd5 Bxa3 1/2-1/2

[Event "29. Offene Senioren-LEM Sachsen-Anhalt 2021 65+"]
[Site "Magdeburg"]
[Date "2021.07.07"]
[Round "3.27"]
[White "Hartmann, Wolfgang A. F."]
[Black "Boldt, Heinrich"]
[Result "0-1"]
[WhiteElo "1631"]
[BlackElo "1827"]
[PlyCount "98"]
[EventDate "2021.??.??"]
[WhiteTeam "SG Weißensee 49"]
[BlackTeam "TSV Kareth-Lappersdorf"]

1. Nf3 Nf6 2. c4 c6 3. Nc3 d5 4. cxd5 cxd5 5. g3 Nc6 6. d4 e6 7. Bg2 Be7 8. O-O
h6 9. a3 Bd7 10. Bd2 Na5 11. Ne5 Rc8 12. Nxd7 Nxd7 13. e4 dxe4 14. Nxe4 Nc4 15.
Bc3 O-O 16. Re1 Nf6 17. Nxf6+ Bxf6 18. Bxb7 Rb8 19. Ba6 Nxb2 20. Qe2 Na4 21.
Bb4 Be7 22. Bxe7 Qxe7 23. Qc2 Qd7 24. Red1 Rb2 25. Qd3 Rfb8 26. Rdb1 Rxb1+ 27.
Rxb1 Rxb1+ 28. Qxb1 Qxd4 29. Qb8+ Kh7 30. Qb1+ g6 31. Qb4 Qxb4 32. axb4 Kg7 33.
Kg2 Kf6 34. f4 Nb6 35. Bd3 Ke7 36. Kf3 Kd6 37. Ke4 f5+ 38. Kd4 g5 39. b5 Nd5
40. fxg5 hxg5 41. Be2 e5+ 42. Kc4 Nb6+ 43. Kb4 e4 44. Kc3 Ke5 45. h4 Nd5+ 46.
Kd2 gxh4 47. gxh4 f4 48. h5 Kf5 49. Bc4 Nf6 0-1

[Event "29. Offene Senioren-LEM Sachsen-Anhalt 2021 65+"]
[Site "Magdeburg"]
[Date "2021.07.07"]
[Round "3.28"]
[White "Krneta, Slavko"]
[Black "Gottschalk, Jürgen"]
[Result "1-0"]
[WhiteElo "1822"]
[BlackElo "1607"]
[PlyCount "79"]
[EventDate "2021.??.??"]
[WhiteTeam "FG Wohlde v. 76"]
[BlackTeam "SV Blau-Weiß 69 Parchim"]

1. e4 e5 2. Nf3 Nc6 3. Bb5 d6 4. c3 Bd7 5. d3 Nf6 6. Nbd2 Be7 7. O-O a6 8. Ba4
b5 9. Bc2 Bg4 10. Re1 O-O 11. h3 Be6 12. d4 Bd7 13. Nf1 Kh8 14. Ne3 Ng8 15. Nd5
f5 16. exf5 Bxf5 17. dxe5 dxe5 18. Nxe7 Qxe7 19. Bg5 Qe8 20. Bxf5 Rxf5 21. Qc2
Qe6 22. Qe4 Re8 23. Rad1 Nf6 24. Bxf6 gxf6 25. Qd5 Qxd5 26. Rxd5 Re7 27. Rc5
Nd8 28. Nd4 Rg5 29. Nc6 Ne6 30. Nxe7 Nxc5 31. Nd5 Nd3 32. Re3 Nxb2 33. Nxc7 Nc4
34. Rd3 Rg7 35. Nxa6 Ra7 36. Nb4 Kg7 37. Rd8 Kg6 38. Rb8 Ra3 39. Rxb5 Rxc3 40.
Rc5 1-0

[Event "29. Offene Senioren-LEM Sachsen-Anhalt 2021 65+"]
[Site "Magdeburg"]
[Date "2021.07.07"]
[Round "3.29"]
[White "Möller, Peter"]
[Black "Klüber, Werner"]
[Result "1-0"]
[WhiteElo "1615"]
[BlackElo "1819"]
[PlyCount "133"]
[EventDate "2021.??.??"]
[WhiteTeam "SC Mecklenburger Springer"]
[BlackTeam "SC Prichsenstadt"]

1. Nf3 Nf6 2. d4 d5 3. h3 e6 4. Bf4 c5 5. e3 Nc6 6. c3 a6 7. Bd3 c4 8. Bc2 b5
9. Nbd2 Bb7 10. e4 dxe4 11. Nxe4 Be7 12. O-O O-O 13. Nxf6+ Bxf6 14. Re1 Ne7 15.
Qe2 Ng6 16. Bh2 Nh4 17. Nxh4 Bxh4 18. Qh5 g6 19. Qg4 Bf6 20. Re2 Bg7 21. Rae1
Qb6 22. Be5 f6 23. Bf4 Bd5 24. Qg3 f5 25. Be5 Qb7 26. f4 Qd7 27. Qg5 Qd8 28.
Qg3 Qd7 29. h4 Bxe5 30. Rxe5 Kh8 31. Bd1 Rae8 32. Bf3 Qc6 33. Bxd5 exd5 34. Qe3
Rxe5 35. dxe5 Qe6 36. g3 Rd8 37. Qd4 Kg8 38. Rd1 Rd7 39. Qc5 Kg7 40. Qc8 h5 41.
Kg2 Kh7 42. Kf3 Kg7 43. Rd4 Kf7 44. Qh8 Ke7 45. Qg7+ Qf7 46. Qxf7+ Kxf7 47. Ke3
Ke6 48. Kd2 Rc7 49. Kc2 Rc6 50. Rd1 a5 51. Kd2 a4 52. Ke3 Rc7 53. Kd4 Rc6 54.
Rb1 Rc7 55. b3 cxb3 56. axb3 a3 57. Ra1 b4 58. cxb4 Ra7 59. Ra2 Ra8 60. b5 Ra7
61. b6 Ra5 62. b7 Rb5 63. Rxa3 Rxb7 64. Ra6+ Kf7 65. Ra3 Ke6 66. Kc3 Rb6 67. b4
1-0

[Event "29. Offene Senioren-LEM Sachsen-Anhalt 2021 65+"]
[Site "Magdeburg"]
[Date "2021.07.07"]
[Round "3.30"]
[White "Conrad, Heidrun"]
[Black "Kundt, Günther"]
[Result "1/2-1/2"]
[WhiteElo "1571"]
[BlackElo "1748"]
[PlyCount "65"]
[EventDate "2021.??.??"]
[WhiteTeam "SF Turm 2000 Wahrburg"]
[BlackTeam "SSC Graal-Müritz"]

1. e4 d5 2. exd5 Nf6 3. Nc3 Nxd5 4. Nxd5 Qxd5 5. Qf3 Qa5 6. Nh3 Nc6 7. c3 e6 8.
b4 Qe5+ 9. Qe3 Qf6 10. Qg5 Be7 11. Qxf6 Bxf6 12. Rb1 O-O 13. g3 Ne5 14. Nf4
Nf3+ 15. Kd1 b6 16. Ke2 Ne5 17. d4 Nc4 18. Bg2 Rb8 19. Re1 Bd7 20. Kf1 Rbd8 21.
Kg1 Rfe8 22. Bf1 Nd6 23. Bg2 Nb5 24. Bb2 Nd6 25. Nd3 Nc4 26. Ne5 Nxe5 27. dxe5
Be7 28. Red1 Ba4 29. Rxd8 Rxd8 30. Kf1 c5 31. a3 Bc2 32. Rc1 Bd3+ 33. Ke1
1/2-1/2

[Event "29. Offene Senioren-LEM Sachsen-Anhalt 2021 65+"]
[Site "Magdeburg"]
[Date "2021.07.07"]
[Round "3.31"]
[White "Ludwig, Siegfried"]
[Black "Vonach, Bernhard"]
[Result "0-1"]
[WhiteElo "1558"]
[BlackElo "1840"]
[PlyCount "78"]
[EventDate "2021.??.??"]
[WhiteTeam "GSV Hemmingen"]
[BlackTeam "Sportfr.Windach e.V.1923"]

1. e4 e5 2. Nf3 Nc6 3. Nc3 Nf6 4. d3 d5 5. Bg5 d4 6. Nd5 Be7 7. Bxf6 Bxf6 8. c3
O-O 9. Be2 g6 10. O-O Bg7 11. h3 Ne7 12. c4 c6 13. Nxe7+ Qxe7 14. Nh2 f5 15. f3
f4 16. Qe1 Bf6 17. Kh1 Bh4 18. Qd1 h5 19. Qd2 Kh7 20. Bd1 Be6 21. b4 Rg8 22.
Rg1 Rg7 23. g4 fxg3 24. Nf1 Bxh3 25. Nxg3 Bd7 26. Qh2 Rf8 27. Be2 Rf4 28. a3
Bg5 29. Nf5 Bxf5 30. Rg4 Bxg4 31. fxg4 h4 32. Qh3 Rgf7 33. Rg1 Rf2 34. Rg2 Qf6
35. Rh2 Rxh2+ 36. Qxh2 Qf2 37. Qxe5 Qe1+ 38. Kg2 Rf2+ 39. Kh3 Qh1+ 0-1

[Event "29. Offene Senioren-LEM Sachsen-Anhalt 2021 65+"]
[Site "Magdeburg"]
[Date "2021.07.07"]
[Round "3.32"]
[White "Scherf, Siegfried"]
[Black "Geibel, Henning"]
[Result "1-0"]
[WhiteElo "1735"]
[BlackElo "1431"]
[PlyCount "81"]
[EventDate "2021.??.??"]
[WhiteTeam "SV Lok Aschersleben"]
[BlackTeam "SV Bargteheide"]

1. d4 Nf6 2. Nc3 d5 3. Bg5 Ne4 4. Nxe4 dxe4 5. Bf4 Bg4 6. h3 Bh5 7. g4 Bg6 8.
e3 e6 9. c3 Bd6 10. Bxd6 Qxd6 11. Be2 Nc6 12. h4 f5 13. h5 Bf7 14. gxf5 exf5
15. Nh3 h6 16. Nf4 O-O-O 17. Rg1 Rhg8 18. Qa4 a6 19. Bc4 Bxc4 20. Qxc4 Na5 21.
Qa4 Nc6 22. Rg6 Qd7 23. O-O-O Ne7 24. Qxd7+ Rxd7 25. Re6 Nc6 26. Rg1 Nd8 27.
Rxh6 Nf7 28. Rhg6 Nh8 29. R6g5 Re7 30. Ng6 Nxg6 31. Rxg6 Rf7 32. h6 f4 33. Rxg7
Rfxg7 34. Rxg7 Rf8 35. h7 fxe3 36. fxe3 Rf1+ 37. Kc2 Rf2+ 38. Kb3 Rh2 39. Rg8+
Kd7 40. h8=Q Rxh8 41. Rxh8 1-0

[Event "29. Offene Senioren-LEM Sachsen-Anhalt 2021 65+"]
[Site "Magdeburg"]
[Date "2021.07.07"]
[Round "3.33"]
[White "Ketelsen, Herbert"]
[Black "Fritsch, Jürgen"]
[Result "0-1"]
[WhiteElo "1557"]
[BlackElo "1698"]
[PlyCount "88"]
[EventDate "2021.??.??"]
[WhiteTeam "SK Kaltenkirchen"]
[BlackTeam "HSK Lister Turm"]

1. d4 d5 2. e3 Nc6 3. Nf3 Bf5 4. Bd2 e6 5. Bb5 Bd6 6. O-O Nge7 7. Nh4 Bg6 8. c4
dxc4 9. Bxc4 a6 10. Nc3 b5 11. Bb3 Bd3 12. Re1 O-O 13. Bc2 Bxc2 14. Qxc2 g6 15.
Ne4 Nb4 16. Qb3 Nbd5 17. g3 f5 18. Ng5 Qd7 19. e4 fxe4 20. Rxe4 Rf6 21. Rae1
Raf8 22. R4e2 h6 23. Ne4 g5 24. Nxf6+ Rxf6 25. Ng2 Nc6 26. Ne3 Nxd4 27. Qd3
Nxe2+ 28. Rxe2 Nxe3 29. Bxe3 Qf7 30. b3 Rf5 31. Qe4 Rd5 32. Qc2 Qf5 33. Qc6
Rd1+ 34. Kg2 Qd5+ 35. Qxd5 exd5 36. h3 Kf7 37. Bd2 c5 38. Bc3 d4 39. Bb2 d3 40.
Re3 c4 41. Rf3+ Ke7 42. Re3+ Kf7 43. Bc3 b4 44. Bb2 c3 0-1

[Event "29. Offene Senioren-LEM Sachsen-Anhalt 2021 65+"]
[Site "Magdeburg"]
[Date "2021.07.07"]
[Round "3.34"]
[White "Rudolph, Karl-Heinz"]
[Black "Langbein, Wolfgang"]
[Result "1/2-1/2"]
[WhiteElo "1666"]
[BlackElo "1353"]
[PlyCount "79"]
[EventDate "2021.??.??"]
[WhiteTeam "SV Irxleben von 1919"]
[BlackTeam "PSV Ribnitz-Damgarten"]

1. e4 c5 2. Nf3 Nc6 3. d4 cxd4 4. Nxd4 e6 5. a3 Nf6 6. Nc3 a6 7. Be3 Be7 8. g4
h6 9. Rg1 d5 10. Nxc6 bxc6 11. e5 Nd7 12. f4 Bh4+ 13. Kd2 c5 14. Qf3 Rb8 15.
Nd1 Qa5+ 16. Kc1 d4 17. Bd2 Qc7 18. Qh3 Be7 19. g5 Nf8 20. Bd3 c4 21. Be4 Qb6
22. Qg3 hxg5 23. fxg5 g6 24. Rf1 Rh7 25. h4 Qd8 26. Rf4 Qc7 27. Rf2 Nd7 28. Bf4
a5 29. Rh2 Nc5 30. Bf3 d3 31. h5 dxc2 32. Kxc2 Nb3 33. Rb1 Nd4+ 34. Kc1 Rb3 35.
Nc3 Nxf3 36. Qxf3 Bb7 37. Qe2 gxh5 38. Rxh5 Rxh5 39. Qxh5 Qc5 40. Qe2 1/2-1/2